Пищевая и перерабатывающая промышленность. 1986, Вып.12: Производство яблочного уксуса за рубежом (Запись № 3571709)

Подробности
000 -МАРКЕР
контрольное поле 01589nam2a22002771 4500
001 - ИДЕНТИФИКАТОР ЗАПИСИ
контрольное поле RU\NLR\INFOCOMM31\1000093577
005 - ИДЕНТИФИКАТОР ВЕРСИИ
контрольное поле 20040630120203.0
035 ## - ДРУГИЕ СИСТЕМНЫЕ НОМЕРА
Идентификатор записи (NLR Aleph) 002615855
100 ## - ДАННЫЕ ОБЩЕЙ ОБРАБОТКИ
Данные общей обработки 20040630d1986 |||y0rusy50 ca
101 0# - ЯЗЫК РЕСУРСА
Язык текста, звукозаписи и т.д. русский
102 ## - СТРАНА ПУБЛИКАЦИИ ИЛИ ПРОИЗВОДСТВА
Страна публикации Российская Федерация
105 ## - ПОЛЕ КОДИРОВАННЫХ ДАННЫХ: ТЕКСТОВЫЕ МАТЕРИАЛЫ, МОНОГРАФИЧЕСКИЕ
Кодированные данные о монографическом текстовом документе y |||||||||
200 1# - ЗАГЛАВИЕ И СВЕДЕНИЯ ОБ ОТВЕТСТВЕННОСТИ
Основное заглавие Производство яблочного уксуса за рубежом
Первые сведения об ответственности Л.Т. Ермачкова, В.В. Жирова
210 ## - ПУБЛИКАЦИЯ, РАСПРОСТРАНЕНИЕ И ДР.
Дата издания, распространения и т.д. 1986
300 ## - ОБЩИЕ ПРИМЕЧАНИЯ
Текст примечания Указатель за 1986 г.
461 #0 - УРОВЕНЬ НАБОРА
Встроенное поле 001RU\NLR\INFOCOMM31\1000093492
-- 2001#$aПищевая и перерабатывающая промышленность$eОбзор. информ.$hСерия 15$iВинодельческая промышленность$fРос. акад. с.-х. наук. НИИ информ. и техн.-экон. исслед. пищ. пром.-сти. (АгроНИИТЭИПП)$v1986, Вып.12
Системный номер (АБИС) связанной записи 3570990
Место публикации М.
Дата публикации 1979-
Первые сведения об ответственности Рос. акад. с.-х. наук. НИИ информ. и техн.-экон. исслед. пищ. пром.-сти. (АгроНИИТЭИПП)
Номер части Серия 15
Заглавие части Винодельческая промышленность
Имя издателя, распространителя и т.д. АгроНИИТЭИПП
Сведения, относящиеся к заглавию Обзор. информ.
Заглавие Пищевая и перерабатывающая промышленность
ISSN 0208-3612
Номер тома 1986, Вып.12
700 #1 - ИМЯ ЛИЦА - ПЕРВИЧНАЯ ОТВЕТСТВЕННОСТЬ
Начальный элемент ввода Ермачкова
Часть имени, кроме начального элемента ввода Л. Т.
Код отношения Автор
701 #1 - ИМЯ ЛИЦА - АЛЬТЕРНАТИВНАЯ ОТВЕТСТВЕННОСТЬ
Начальный элемент ввода Жирова
Часть имени, кроме начального элемента ввода В. В.
Код отношения Автор
801 #0 - ИСТОЧНИК ЗАПИСИ
Страна Российская Федерация
Организация NLR
Правила каталогизации PSBO
801 #1 - ИСТОЧНИК ЗАПИСИ
Страна Российская Федерация
Организация InfoComm
Дата составления 20040630
852 ## - МЕСТОНАХОЖДЕНИЕ И ШИФР ХРАНЕНИЯ
Идентификатор организации NLR
Шифр хранения (Call Number) П10/5604
942 ## - ДОПОЛНИТЕЛЬНЫЕ ЭЛЕМЕНТЫ ЗАПИСИ (АБИС)
Тип экземпляра АБИС Выпуск
980 ## - КОЛЛЕКЦИЯ
Название коллекции Национальная библиография
980 ## - КОЛЛЕКЦИЯ
Название коллекции Русская периодика

Нет доступных экземпляров.